The Straits of Malacca : (Record no. 131719)

MARC details
000 -LEADER
fixed length control field 01438cam a22003254a 4500
001 - CONTROL NUMBER
control field vtls003210200
003 - CONTROL NUMBER IDENTIFIER
control field MY-SjTCS
005 - DATE AND TIME OF LATEST TRANSACTION
control field 20200226114410.0
008 - FIXED-LENGTH DATA ELEMENTS--GENERAL INFORMATION
fixed length control field 110218s2008 gw ab b 000 0 eng
020 ## - INTERNATIONAL STANDARD BOOK NUMBER
International Standard Book Number 9783825813833 (pbk.)
020 ## - INTERNATIONAL STANDARD BOOK NUMBER
International Standard Book Number 3825813835 (pbk.)
039 #9 - LEVEL OF BIBLIOGRAPHIC CONTROL AND CODING DETAIL [OBSOLETE]
Level of rules in bibliographic description 201406121051
Level of effort used to assign nonsubject heading access points pushpa
Level of effort used to assign subject headings 201102181620
Level of effort used to assign classification VLOAD
Level of effort used to assign subject headings 201010291336
Level of effort used to assign classification shuhada
-- 201009091420
-- malathy
043 ## - GEOGRAPHIC AREA CODE
Geographic area code a-si---
-- a-io---
-- a-my---
082 04 - DEWEY DECIMAL CLASSIFICATION NUMBER
Classification number 959.51
Item number STR 2008
245 04 - TITLE STATEMENT
Title The Straits of Malacca :
Remainder of title knowledge and diversity /
Statement of responsibility, etc. edited by Solvay Gerke, Hans-Dieter Evers, and Anna-Katharina Hornidge.
260 ## - PUBLICATION, DISTRIBUTION, ETC.
Place of publication, distribution, etc. Berlin :
Name of publisher, distributor, etc. Lit ;
Place of publication, distribution, etc. [Penang, Malaysia :
Name of publisher, distributor, etc. Co-published whith Straits G.T. INAS] ;
Place of publication, distribution, etc. Piscataway, NJ :
Name of publisher, distributor, etc. Distributed by Transaction Publishers,
Date of publication, distribution, etc. c2008.
300 ## - PHYSICAL DESCRIPTION
Extent xii, 203 p. :
Other physical details ill., maps ;
Dimensions 21 cm.
490 1# - SERIES STATEMENT
Series statement ZEF development studies ;
Volume/sequential designation v. 8
504 ## - BIBLIOGRAPHY, ETC. NOTE
Bibliography, etc. note Includes bibliographical references (p. 189-203).
650 #0 - SUBJECT ADDED ENTRY--TOPICAL TERM
Topical term or geographic name entry element Knowledge management
Geographic subdivision Malacca, Strait of.
650 #0 - SUBJECT ADDED ENTRY--TOPICAL TERM
Topical term or geographic name entry element Technological innovations
General subdivision Economic aspects
Geographic subdivision Malacca, Strait of.
650 #0 - SUBJECT ADDED ENTRY--TOPICAL TERM
Topical term or geographic name entry element Cultural pluralism
General subdivision Malacca, Strait of.
651 #0 - SUBJECT ADDED ENTRY--GEOGRAPHIC NAME
Geographic name Malacca, Strait of
General subdivision Commerce.
700 1# - ADDED ENTRY--PERSONAL NAME
Personal name Gerke, Solvay.
9 (RLIN) 38885
700 1# - ADDED ENTRY--PERSONAL NAME
Personal name Evers, Hans-Dieter.
9 (RLIN) 40214
700 1# - ADDED ENTRY--PERSONAL NAME
Personal name Hornidge, Anna-Katharina.
9 (RLIN) 46687
710 2# - ADDED ENTRY--CORPORATE NAME
Corporate name or jurisdiction name as entry element Universitat Bonn.
Subordinate unit Zentrum fur Entwicklungsforschung.
9 (RLIN) 46688
830 #0 - SERIES ADDED ENTRY--UNIFORM TITLE
Uniform title ZEF development studies ;
Volume/sequential designation v. 8.
9 (RLIN) 48041
920 ## - Programme
Programme GENLS : 151436
Holdings
Withdrawn status Lost status Source of classification or shelving scheme Damaged status Not for loan Home library Current library Date acquired Cost, normal purchase price Total Checkouts Barcode Date last seen Date last checked out Copy number Uniform Resource Identifier Cost, replacement price Koha item type Public note
    Dewey Decimal Classification     Taylor's Library-TU Taylor's Library-TU 28/09/2010 45.00 3 5000102346 05/12/2019 03/11/2014 1 Floor 4, Shelf 37 , Side 2, TierNo 3, BayNo 3 45.00 Main Collection GENLS,GENLS,03,GR